[Event "XXVII RUS-chT Women 2020"]
[Site "Sochi"]
[Date "2020.11.26"]
[Round "7.15"]
[White "Dorokhina, Elizaveta"]
[Black "Nasyrova, Ekaterina"]
[Result "1-0"]
[WhiteElo "1824"]
[BlackElo "2261"]
[Annotator "TA"]
[PlyCount "81"]
[EventDate "2020.11.19"]
[EventType "team-tourn"]
[EventCountry "RUS"]
[SourceTitle "playchess.com"]
[Source "ChessBase"]
[SourceQuality "1"]

{[%evp 12,81,25,24,22,20,19,5,49,14,54,26,92,98,114,112,117,94,102,99,103,50,48,50,89,77,114,106,94,71,73,47,66,63,112,-76,-43,-50,13,0,114,66,136,123,201,196,306,279,704,693,689,729,687,493,491,410,395,386,379,370,400,380,738,434,1158,1077,29988,4925,4790,4790,29986,29987]} 1. e4 e5 2. Bc4 Nc6 3. Nc3 Nf6 4. d3 h6 5. f4 Bc5 6. Nf3 d6 7. Na4 Bb6 {C30: King's Gambit Declined.} 8. Nxb6 axb6 9. Bb5 Qe7 {The position is equal.} 10. O-O Bd7 {[#]} 11. Qe2 $146 ({Predecessor:} 11. Kh1 O-O-O 12. Qe1 exf4 13. Bxf4 g5 14. Bd2 Ng4 15. Bxc6 bxc6 16. h3 Ne5 17. Nxe5 dxe5 {½-½ (25) Liiva,R (2395)-Gausel,E (2485) Bern 1994}) 11... O-O-O (11... exf4 $11 12. Bxf4 O-O) 12. a4 $16 exf4 13. Bxf4 d5 {[%cal Rd5e4]} 14. e5 d4 15. Bxc6 Bxc6 16. Qf2 (16. h3 $16) 16... Ng4 $14 17. Qg3 h5 18. a5 b5 19. a6 bxa6 20. Rxa6 Bb7 21. Ra5 Qc5 22. Rfa1 Ne3 (22... Qxc2 $2 23. e6 $18) 23. Bxe3 $2 (23. Qxg7 $2 Rhg8 $19) (23. c4 $16 {and life is bright.} dxc3 24. d4) 23... dxe3 $17 24. d4 (24. Qxg7 $2 e2+ 25. Kh1 Qf2 $19) 24... Qc4 ({Better is} 24... Qxc2 $15 25. Rxb5 Rh6) 25. c3 (25. Qxg7 Kb8 $17) 25... Kb8 (25... Rh6 $11) 26. Qe1 {Black is on the road to losing.} ({Not} 26. Qxg7 $2 Rhg8 $19) 26... Qd3 (26... h4 $1 $14) 27. Rd1 $36 {[%mdl 2048] White is in control.} Qe4 (27... Qc2 $16 {keeps fighting.} 28. Rxb5 Kc8) 28. Rxb5 $18 g5 (28... Kc8 $142) 29. Qe2 g4 $2 {[#]} (29... Rd5) 30. Nd2 $1 {[%mdl 512]} Qc6 (30... exd2 31. Qxe4) 31. Nb3 Rd5 32. Nc5 Kc8 33. Rxb7 Rxc5 34. Rb4 ({Less strong is} 34. dxc5 Kxb7 35. Qxe3 Ra8 $16) 34... Ra5 35. Qxe3 Qa6 36. Qf4 Qg6 $2 (36... Qe6 37. Rf1 Re8 38. Qxf7 Qxf7 39. Rxf7 c5) 37. Rf1 c5 (37... h4 $142 38. Rc4 Rh7) 38. dxc5 Rxc5 39. Qd4 (39. e6 $142 Rc7 40. Ra1 Qxe6 41. Qd4 Qc6 42. Qxh8+ Kd7 43. Rd1+ Qd6 44. Rxd6+ Kxd6 45. Qf6+ Kd7 46. Rb6) 39... Qc6 40. e6 {[%mdl 64] Discovered Attack} Rd8 {[#]} 41. Rb8+ $1 {[%mdl 576] Decoy, Promotion.  Weighted Error Value: White=0.39/Black=0.71} 1-0

[Event "XXVII RUS-chT Women 2020"]
[Site "Sochi"]
[Date "2020.11.26"]
[Round "7.16"]
[White "Bulatova, Kamaliya"]
[Black "Tinina, Kristina"]
[Result "1-0"]
[WhiteElo "2143"]
[BlackElo "1678"]
[Annotator "TA"]
[PlyCount "60"]
[EventDate "2020.11.19"]
[EventType "team-tourn"]
[EventCountry "RUS"]
[SourceTitle "playchess.com"]
[Source "ChessBase"]
[SourceQuality "1"]

{[%evp 15,60,16,22,12,21,31,22,26,37,-8,37,30,12,17,30,21,48,48,49,49,50,49,53,49,91,57,329,341,384,393,410,403,555,551,558,537,546,540,764,597,574,497,472,393,379,322,29989]} 1. d4 Nf6 2. Nf3 g6 3. g3 Bg7 4. Bg2 d5 5. O-O O-O 6. c4 c6 7. Nbd2 Nbd7 8. b3 b6 {8...Ne4 is setting a new trend.} 9. Ba3 {[#] D78: Fianchetto Grünfeld: 6 0-0 c6.} Ba6 $146 ({Predecessor:} 9... Re8 10. Rc1 Bb7 11. cxd5 cxd5 12. Re1 Rc8 13. Bh3 Ne4 14. e3 f5 15. Nxe4 fxe4 16. Nh4 Ra8 17. Ng2 Bc8 18. Nf4 Nf6 19. Bxc8 Rxc8 20. Qe2 a5 21. Rc6 {1-0 (21) Lucena,J (2225)-Coelho,G Fortaleza 1994}) 10. Rc1 Rc8 11. Re1 {The position is equal.} Re8 12. Bh3 Rc7 13. e4 dxe4 14. Nxe4 Nxe4 15. Rxe4 Nf6 16. Re1 Bc8 17. Bg2 Bf5 18. Ne5 Qc8 $1 19. Qf3 $36 {[%mdl 2048] White is pushing.} Qa6 20. b4 {[%cal Bb3b4,Bb4b5][%mdl 32]} Nd7 $2 {[%mdl 8192] Loses the game.} (20... Bh6 $14) 21. Nxc6 $18 {[%mdl 64] [#] Discovered Attack} e5 ({Of course not} 21... Rxc6 22. b5 $18) 22. b5 Qa4 23. Bd6 Rcc8 24. g4 e4 25. Qf4 Bxg4 26. Qxg4 Rxc6 27. bxc6 Qxc6 28. Ba3 f5 29. Qf4 Bxd4 30. Qd6 e3 $2 {Weighted Error Value: White=0.25/Black=0.42} (30... Qxd6 $18 31. Bxd6 Bc5) 1-0

[Event "XXVII RUS-chT Women 2020"]
[Site "Sochi"]
[Date "2020.11.26"]
[Round "7.17"]
[White "Goltseva, Ekaterina"]
[Black "Kochukova, Anna"]
[Result "1/2-1/2"]
[WhiteElo "2306"]
[BlackElo "2111"]
[Annotator "TA"]
[PlyCount "80"]
[EventDate "2020.11.19"]
[EventType "team-tourn"]
[EventCountry "RUS"]
[SourceTitle "playchess.com"]
[Source "ChessBase"]
[SourceQuality "1"]

{[%evp 14,80,23,24,27,24,38,41,58,19,44,31,30,39,33,27,35,20,34,18,77,19,43,19,33,0,4,0,0,14,11,7,4,0,5,0,24,0,23,20,8,0,0,0,0,0,0,0,0,0,0,-6,0,0,0,0,0,0,0,0,0,0,0,0,0,0,0,0,0]} 1. d4 d5 2. c4 dxc4 3. Nf3 Nf6 4. e3 a6 5. Bxc4 e6 6. O-O c5 7. Bb3 Nc6 8. Nc3 cxd4 {is the legacy move (8...Be7). D27: Queen's Gambit Accepted: Classical main line: 7 e4!? and 7 a4.} 9. exd4 Na5 10. Bc2 Be7 {White is slightly better.} 11. Re1 O-O 12. Bg5 b5 13. Qd3 {Threatens to win with Bxf6.} g6 14. Bh6 Re8 15. Ne5 Bb7 16. Qh3 {[#] next Nxf7 is good for White.} Bd5 $146 (16... Qxd4 $11 17. Rad1 Qb4) ({Predecessor:} 16... Qd6 17. Rad1 Rac8 18. Bf4 Qb6 19. Bd3 Bf8 20. Bg5 Bg7 21. Bxf6 Bxf6 22. Nxf7 Kxf7 23. Qxh7+ {1-0 (31) Bacrot,E (2697)-Rasmussen,A (2498) Berlin 2015}) 17. Bg5 (17. Nxd5 $16 Qxd5 18. Bd1) 17... Nh5 $11 18. Bxe7 ({Don't play} 18. Nxd5 Bxg5 19. Qf3 Rf8 $15) 18... Rxe7 19. Nxd5 exd5 20. Qf3 Rc8 21. Bf5 Rcc7 22. Bg4 Ng7 $1 23. Qf6 Nc6 24. Rad1 Qe8 25. Bd7 Rcxd7 26. Qxc6 {[%mdl 64] [#] Double Attack} Nf5 {The position is equal.} 27. Kf1 Rd6 28. Qc5 {Hoping for g4.} Rde6 29. Qxd5 Nxd4 {[%mdl 64] [#] Remove Defender} 30. Qxd4 {Black must now prevent f4.} Rxe5 31. Rxe5 Rxe5 {[%mdl 4096] Endgame KQR-KQR} 32. h3 Qe6 33. Kg1 Re1+ 34. Rxe1 Qxe1+ {KQ-KQ} 35. Kh2 Qe6 36. a3 h5 37. h4 Kf8 38. g3 Ke7 39. Kg2 Qc6+ 40. Kg1 Qc1+ {Weighted Error Value: White=0.11/Black=0.06} 1/2-1/2

[Event "XXVII RUS-chT Women 2020"]
[Site "Sochi"]
[Date "2020.11.26"]
[Round "7.18"]
[White "Zhurova, Anna"]
[Black "Vifleemskaia, Svetlana"]
[Result "1/2-1/2"]
[WhiteElo "2078"]
[BlackElo "1911"]
[Annotator "TA"]
[PlyCount "104"]
[EventDate "2020.11.19"]
[EventType "team-tourn"]
[EventCountry "RUS"]
[SourceTitle "playchess.com"]
[Source "ChessBase"]
[SourceQuality "1"]

{[%evp 13,104,27,24,-4,7,0,0,0,4,0,29,22,17,16,18,19,24,28,32,36,54,32,25,30,19,22,36,0,0,0,0,0,0,0,4,0,0,0,0,0,0,0,0,0,0,0,0,0,0,0,8,0,0,-12,0,-12,0,-13,-24,-23,0,0,0,0,22,-14,-4,-11,0,0,10,10,10,10,10,10,10,10,8,8,37,8,8,0,0,0,0,0,0,0,0,0,0]} 1. e4 e5 2. Nf3 Nc6 3. Bb5 a6 4. Ba4 Nf6 5. d3 d6 6. c3 g6 7. O-O Bg7 8. d4 {C77: Ruy Lopez: 3...a6 4 Ba4 Nf6, unusual lines.} O-O ({Don't play} 8... Nxe4 $6 9. d5 $16) 9. dxe5 Nxe5 10. Nxe5 dxe5 {[#]} 11. f3 $146 ({Predecessor:} 11. Qxd8 Rxd8 12. f3 b5 13. Bc2 Bb7 14. Be3 Nd7 15. Nd2 Nb6 16. b3 Bf8 17. Rfd1 {½-½ (56) Samhouri,A (2375)-Szabo,K (2493) Budapest 2009}) 11... Qxd1 (11... Qe7 {seems wilder.} 12. Qe2 Nh5 13. g3 Be6 14. Be3 f5) 12. Rxd1 Be6 13. Be3 Rfd8 14. Nd2 Rd3 15. Bc2 Rdd8 16. Bb3 Bxb3 17. Nxb3 b6 18. a4 a5 19. Bg5 h6 20. Bxf6 (20. Bh4 {feels hotter.} g5 21. Bf2 Ne8 22. Nd2 Nd6 23. b3) 20... Bxf6 21. Nd2 Be7 22. Nc4 f6 23. Kf1 Bc5 24. Ke2 Kf7 25. b3 Ke6 26. Nb2 Be7 27. Rxd8 Rxd8 $11 {[%mdl 4096] Endgame KRB-KRN} 28. Rd1 Rb8 29. Nc4 h5 30. Ne3 Bd6 31. Kd3 f5 32. Kc4 f4 33. Nf1 c6 34. Kd3 b5 35. axb5 cxb5 36. Kc2 g5 37. Rd5 g4 38. Nd2 Bc7 39. Nb1 b4 40. Nd2 gxf3 41. gxf3 bxc3 42. Nc4 Rg8 43. Rc5 Rg2+ 44. Kxc3 Kd7 $1 45. Nxe5+ Bxe5+ 46. Rxe5 {KR-KR} Rf2 47. Rxh5 Rxf3+ {The position is equal.} 48. Kd2 Rxb3 49. Rxa5 Rb2+ 50. Ke1 Rxh2 51. Rf5 Ke6 52. Rxf4 Ke5 {Weighted Error Value: White=0.05/Black=0.04} 1/2-1/2

[Event "XXVII RUS-chT Women 2020"]
[Site "Sochi"]
[Date "2020.11.26"]
[Round "7.19"]
[White "Zavivaeva, Emilia"]
[Black "Shestakova, Ekaterina"]
[Result "0-1"]
[WhiteElo "1790"]
[BlackElo "1966"]
[Annotator "TA"]
[PlyCount "94"]
[EventDate "2020.11.19"]
[EventType "team-tourn"]
[EventCountry "RUS"]
[SourceTitle "playchess.com"]
[Source "ChessBase"]
[SourceQuality "1"]

{[%evp 16,94,23,22,27,-47,45,-53,44,42,50,13,57,57,66,49,50,43,106,103,159,146,249,202,213,214,270,188,158,129,126,46,132,139,126,124,223,225,188,173,162,111,118,105,202,182,233,210,189,67,79,131,119,115,121,0,0,0,0,0,243,111,132,16,6,-63,43,0,35,0,18,0,12,-29992,-29993,-29993,-29994,-29996,-29997,-29997,-29998]} 1. e4 c5 2. Nf3 Nc6 3. d4 cxd4 4. Nxd4 e5 5. Nb5 d6 6. N1c3 a6 7. Na3 Be6 8. Nc4 b5 {8...Rb8 is more advanced technology.} 9. Ne3 Nf6 {B32: Sicilian: Löwenthal and Kalashnikov Variations.} 10. Ncd5 (10. Bd3 $11) 10... Be7 (10... Nxe4 $15 11. g3 Be7) 11. g3 (11. a4 $14 O-O 12. Bd3 (12. axb5 axb5 13. Rxa8 Qxa8 $11)) 11... O-O (11... Nxe4 $15 12. Bg2 f5) 12. Bg2 $14 {[#]} Na5 $146 ({Predecessor:} 12... Rc8 13. c3 Qd7 14. Nb6 Qb7 15. Nxc8 Rxc8 16. O-O Na5 17. Nd5 Nxd5 18. exd5 Bd7 {1-0 (36) Morozevich,A (2712)-Ubiennykh,E (2285) Rostov on Don 2014}) 13. a4 bxa4 14. Rxa4 Nb7 15. b4 Nxd5 16. Nxd5 ({Much weaker is} 16. exd5 Bd7 $11) 16... Bd7 (16... a5 $14) 17. Ra3 Bb5 (17... Be6 $142) 18. Rc3 $16 Bg5 (18... Qe8 $16 19. Nc7 (19. Rc7 Bd8 $14) 19... Qd7) 19. Rc7 Bxc1 20. Qxc1 {c4 is the strong threat.} Rb8 21. Bh3 Kh8 22. c4 Be8 23. Qe3 (23. O-O $16) 23... Nc5 {[#]} (23... Na5 $1 $14) 24. O-O $1 Ne6 25. Ra7 $36 {[%mdl 2048] White is really pushing.} Bd7 (25... Nd4 $16) 26. Rxa6 $18 Bc8 27. Ra7 Bb7 28. f4 (28. Bxe6 $18 fxe6 29. Nc3) 28... Nd4 $16 29. b5 Bxd5 (29... f5 $16) 30. exd5 $18 f6 (30... Qb6 $142 31. Ra6 Qc5) 31. Kg2 Qb6 32. Rd7 ({White should try} 32. Rfa1 $18) 32... Qc5 $1 $14 33. fxe5 dxe5 34. Qd3 Ra8 35. Rf2 (35. d6 $16) 35... Ra3 $1 $11 {[%cal Ra3d3]} 36. Qe4 {Threatens to win with Be6.} Qxc4 37. Qxe5 {[%mdl 64] Hoping for Qe7! Pin} Qc5 $2 (37... Ra2 $1 $11 {and Black stays safe.} 38. Qe3 Rxf2+ 39. Qxf2 Nxb5) 38. Qe4 (38. Rc7 $18 {is the precise move to win.} Qb4 39. Qe4) 38... Raa8 $16 39. Qg4 ({White should play} 39. Rd2 $16 Nb3 40. Rf2 Qxb5 41. Rc7) 39... Rg8 $11 {Threatening ...Nc2.} 40. Qh4 (40. Qf4 $11) 40... Rgf8 (40... Nc2 $1 $15 41. Re7 Qxd5+ 42. Qe4 Ne3+ 43. Kg1 Ra1+ 44. Bf1 {[#]} Nxf1 $1 {[%mdl 512]} 45. Rxf1 Qc5+ 46. Qe3 Rxf1+ 47. Kxf1 Qxb5+ 48. Kg2 Rd8) 41. Qg4 {[%csl Gd7][%cal Rg4g7]} Rg8 42. Qh5 Ra1 43. Bg4 {aiming for d6.} Nc2 {( -> ...Ne1+)} 44. Be6 $2 {[%mdl 8192]} (44. Bf5 $11 Ne3+ 45. Kh3 Nxf5 46. Qxf5) 44... Ne1+ {Black mates.} 45. Kh3 Qxf2 46. Qf7 Qg2+ 47. Kg4 Ra4+ {Never resign too early!  Weighted Error Value: White=0.49/Black=0.32} 0-1

[Event "XXVII RUS-chT Women 2020"]
[Site "Sochi"]
[Date "2020.11.26"]
[Round "7.20"]
[White "Lesnykh, Zhanna"]
[Black "Zavivaeva, Evelina"]
[Result "1-0"]
[WhiteElo "1755"]
[BlackElo "1589"]
[Annotator "NA"]
[PlyCount "100"]
[EventDate "2020.11.19"]
[EventType "team-tourn"]
[EventCountry "RUS"]
[SourceTitle "playchess.com"]
[Source "ChessBase"]
[SourceQuality "1"]
[TimeControl "40/5400+30:1800+30"]

1. e4 {[%emt 0:00:00]} e5 {[%emt 0:00:00]} 2. Nf3 {[%emt 0:00:00]} Nc6 {[%emt 0:00:00]} 3. Bb5 {[%emt 0:00:00]} a6 {[%emt 0:00:11]} 4. Ba4 {[%emt 0:00:00]} Nf6 {[%emt 0:00:06]} 5. O-O {[%emt 0:00:00]} Be7 {[%emt 0:00:04]} 6. Re1 {[%emt 0:00:07]} b5 {[%emt 0:00:12]} 7. Bb3 {[%emt 0:00:05]} O-O {[%emt 0:00:04]} 8. c3 {[%emt 0:05:31]} d5 9. exd5 {[%emt 0:00:11]} Nxd5 {[%emt 0:00:32]} 10. Nxe5 {[%emt 0:00:15]} Nxe5 {[%emt 0:00:28]} 11. Rxe5 {[%emt 0:00:06]} c6 {[%emt 0:00:09]} 12. d4 {[%emt 0:04:35]} Bd6 13. Re1 {[%emt 0:00:57]} Qh4 {[%emt 0:00:32]} 14. g3 {[%emt 0:01:08]} Qh3 {[%emt 0:00:23]} 15. Qf3 {[%emt 0:02:30]} Bf5 {[%emt 0:03:18]} 16. Be3 {[%emt 0:09:20]} Rae8 17. Nd2 {[%emt 0:08:35]} Bg4 {[%emt 0:16:20]} 18. Qg2 {[%emt 0:00:24]} Qh5 {[%emt 0:00:24]} 19. a4 {[%emt 0:19:13]} Re6 {[%emt 0:31:20]} 20. axb5 {[%emt 0:09:51]} axb5 {[%emt 0:00:39]} 21. Bxd5 {[%emt 0:09:26]} cxd5 {[%emt 0:04:28]} 22. Ra5 {[%emt 0:07:12]} Rb8 {[%emt 0:22:12]} 23. Rea1 {[%emt 0:06:54]} Ree8 {[%emt 0:05:57]} 24. Ra6 {[%emt 0:04:59]} Re6 {[%emt 0:00:55]} 25. Ra8 {[%emt 0:07:30]} Ree8 {[%emt 0:00:23]} 26. Rxb8 {[%emt 0:00:23]} Rxb8 {[%emt 0:00:09]} 27. Qf1 {[%emt 0:02:09]} b4 {[%emt 0:01:30]} 28. Qa6 {[%emt 0:00:48]} Qg6 {[%emt 0:02:14]} 29. Qc6 {[%emt 0:01:03]} bxc3 30. bxc3 {[%emt 0:00:25]} Qe6 {[%emt 0:08:15]} 31. Ra6 {[%emt 0:00:50]} Bf8 {[%emt 0:00:54]} 32. Qxe6 {[%emt 0:00:24]} Bxe6 {[%emt 0:00:44]} 33. Rc6 {[%emt 0:00:43]} Ra8 {[%emt 0:00:24]} 34. Kg2 {[%emt 0:00:22]} g6 {[%emt 0:01:02]} 35. Bf4 {[%emt 0:00:28]} Ra2 {[%emt 0:00:31]} 36. Nf3 {[%emt 0:00:40]} Rc2 {[%emt 0:00:27]} 37. Ne1 {[%emt 0:00:14]} Re2 {[%emt 0:00:57]} 38. Kf1 {[%emt 0:00:20]} Ra2 {[%emt 0:00:29]} 39. Kg2 {[%emt 0:00:22]} Re2 {[%emt 0:00:08]} 40. Nf3 {[%emt 0:00:00]} Rc2 {[%emt 0:00:00]} 41. h3 {[%emt 0:04:15]} Bf5 {[%emt 0:05:34]} 42. g4 {[%emt 0:01:37]} Be4 {[%emt 0:00:35]} 43. Rc8 {[%emt 0:03:26]} Kg7 {[%emt 0:03:35]} 44. g5 {[%emt 0:05:33]} Kg8 {[%emt 0:12:38]} 45. Bd6 {[%emt 0:01:56]} Bxf3+ {[%emt 0:00:09]} 46. Kxf3 {[%emt 0:01:12]} Rxc3+ {[%emt 0:00:18]} 47. Rxc3 {[%emt 0:00:05]} Bxd6 {[%emt 0:00:07]} 48. Rc8+ {[%emt 0:00:50]} Kg7 {[%emt 0:00:20]} 49. Rd8 {[%emt 0:00:11]} Be7 {[%emt 0:00:13]} 50. Rxd5 {[%emt 0:00:02]} Kf8 {[%emt 0:00:21]} 1-0

[Event "XXVII RUS-chT Women 2020"]
[Site "Sochi"]
[Date "2020.11.26"]
[Round "7.21"]
[White "Afonasieva, Anna"]
[Black "Grigorieva, Yulia"]
[Result "1-0"]
[WhiteElo "2316"]
[BlackElo "2343"]
[Annotator "TA"]
[PlyCount "67"]
[EventDate "2020.11.19"]
[EventType "team-tourn"]
[EventCountry "RUS"]
[SourceTitle "playchess.com"]
[Source "ChessBase"]
[SourceQuality "1"]

{[%evp 14,67,42,16,31,18,31,18,30,19,38,22,28,19,13,21,39,25,22,27,34,0,103,93,129,89,92,91,94,83,91,84,138,122,196,180,225,189,369,379,354,366,457,461,739,739,1198,812,1810,1516,29992,29992,29992,29993,29993,29994]} 1. d4 Nf6 2. Nf3 g6 3. g3 Bg7 4. Bg2 O-O 5. O-O d6 6. c4 Nc6 7. Nc3 Rb8 8. h3 Bf5 {E62: King's Indian: Fianchetto: 6...c6 and Panno Variation (6...Nc6) without ...a6.} 9. g4 Bd7 10. e4 e5 {The position is equal.} 11. Be3 exd4 12. Nxd4 Re8 13. Qd2 Nxd4 14. Bxd4 c5 15. Be3 Bc6 {[%cal Rf6e4]} 16. f3 Nd7 17. Rad1 {[#]} Nf8 $146 (17... Qa5 $11 {remains equal.}) ({Predecessor:} 17... Qa5 18. Qxd6 Ne5 19. Qxc5 Qxc5 20. Bxc5 Nxc4 21. Rf2 Nxb2 22. Rxb2 Bxc3 23. Rbb1 Rbd8 24. Bf1 b6 25. Bf2 Ba4 26. Rdc1 Be5 27. Be3 Bd4 {½-½ (27) Lagunow,R (2164)-Bergauz,N (2240) Willingen 2015}) 18. Qxd6 $16 Qb6 19. Qxc5 Qxb2 20. Nd5 {[#] Strongly threatening Rf2.} Ne6 21. Qb4 Qxa2 22. Rd2 Qa6 (22... a5 $142) 23. f4 b5 (23... Rbc8 $16 {was called for.}) 24. f5 $36 {[%mdl 2048] White is on the roll.} bxc4 25. fxe6 fxe6 $2 (25... Bxd5 {is a better defense.} 26. Rxd5 fxe6) 26. Ne7+ Kh8 27. Qc5 Bb5 28. Rdf2 {[%cal Bd2f2,Bf2f7,Bf7f8][%mdl 32] Threatening mate with Bd4.} ({Less strong is} 28. Bd4 Qb6 $16) 28... Qb6 (28... Rbd8 $142 29. Rb1 Qd6 30. Qxd6 (30. Qxb5 Rb8 $11) 30... Rxd6 31. Rxb5 Bf8 32. Rxf8+ Rxf8) 29. Qg5 Qd6 30. Rf7 {Intending Rxg7! and mate.} Rf8 31. Bc5 Qg3 {[#]} 32. Nxg6+ $1 {[%mdl 512] White mates.} hxg6 33. Bxf8 Rxf8 34. Rxf8+ {Weighted Error Value: White=0.12/Black=0.71} 1-0

[Event "XXVII RUS-chT Women 2020"]
[Site "Sochi"]
[Date "2020.11.26"]
[Round "7.22"]
[White "Baiburina, Kamilla"]
[Black "Semenova, Elena"]
[Result "0-1"]
[WhiteElo "1805"]
[BlackElo "2299"]
[Annotator "TA"]
[PlyCount "68"]
[EventDate "2020.11.19"]
[EventType "team-tourn"]
[EventCountry "RUS"]
[SourceTitle "playchess.com"]
[Source "ChessBase"]
[SourceQuality "1"]

{[%evp 10,68,34,0,13,12,17,16,25,6,34,20,30,27,34,24,97,0,29,17,70,0,0,-20,22,-49,-62,-57,-49,-56,-29,-100,-108,-112,-62,-65,-20,-72,-65,-93,-92,-75,-79,-239,-227,-232,-217,-243,-235,-250,-255,-230,-246,-233,-212,-202,-211,-313,-309,-303,-300]} 1. c4 e5 2. g3 Nc6 3. Bg2 f5 4. Nc3 Nf6 5. d3 Bc5 6. Nf3 d6 $1 {The main line 6...d6 scores better than 6...0-0. A25: English Opening vs King's Indian with ...Nc6 but without early d3.} 7. O-O h6 8. e3 Bb6 {The position is equal.} 9. a3 {[%cal Ba2a3,Ba3b4][%mdl 32] [#]} a5 $146 ({Predecessor:} 9... Be6 10. b3 g5 11. d4 e4 12. d5 exf3 13. Bxf3 Bd7 14. Bh5+ Ke7 15. dxc6 bxc6 {1-0 (31) Hesse,H (2165)-Gericke,N (1799) Germany 2019}) 10. Rb1 Be6 11. b4 axb4 12. axb4 e4 (12... O-O $11) 13. Ne1 ({Better is} 13. dxe4 $16 Bxc4 14. exf5) 13... Ne5 14. f4 Nf7 (14... Nc6 $11) 15. dxe4 (15. Qe2 $14) 15... Bxc4 $11 16. Rf2 Ng4 {[%mdl 64] Double Attack} 17. Rf3 (17. Rfb2 $11) 17... fxe4 $15 18. Nxe4 Qe7 19. Nf2 Nf6 ({Avoid the trap} 19... Bxe3 $2 20. Bxe3 Nxe3 21. Qd4 $18) 20. Nfd3 (20. Nc2 $11) 20... O-O $17 21. Nc2 Ra2 22. Bb2 Bd5 {Threatens to win with ...Ng4.} 23. Bxf6 (23. b5 $11 {remains equal.}) 23... Bxf3 24. Bxf3 Qxf6 ({Of course not} 24... Bxe3+ $6 25. Kh1 $14) 25. Bd5 {[#]} Ra7 $1 26. Qf3 $2 {This move loses the game for White.} (26. b5 $17) 26... c6 $19 27. Bb3 Kh8 28. Kh1 {[#]} Ne5 $1 {[%mdl 512]} 29. Qe2 (29. fxe5 Qxf3+) 29... Nxd3 30. Qxd3 d5 31. Ne1 Qf5 32. Qxf5 Rxf5 33. Ng2 (33. e4 $142 dxe4 34. Bc2) 33... Rf8 34. Kg1 Rfa8 {Weighted Error Value: White=0.30/Black=0.18} 0-1

[Event "XXVII RUS-chT Women 2020"]
[Site "Sochi"]
[Date "2020.11.26"]
[Round "7.23"]
[White "Vasilevich, Irina"]
[Black "Idrisova, Roza"]
[Result "1-0"]
[WhiteElo "2258"]
[BlackElo "1960"]
[Annotator "TA"]
[PlyCount "127"]
[EventDate "2020.11.19"]
[EventType "team-tourn"]
[EventCountry "RUS"]
[SourceTitle "playchess.com"]
[Source "ChessBase"]
[SourceQuality "1"]

{[%evp 9,127,70,82,54,84,80,80,79,92,62,65,52,64,58,81,32,66,65,79,71,76,40,60,47,60,59,99,56,80,64,68,60,90,87,87,77,82,62,49,52,81,79,77,68,77,37,54,0,266,251,286,279,272,207,200,156,156,134,149,128,422,421,416,390,352,161,158,158,274,182,245,245,232,183,198,0,253,250,363,343,341,339,462,464,543,543,543,536,535,533,528,528,647,528,520,491,1027,1026,7026,7937,6195,6095,12665,5114,5114,5110,29976,29977,29978,29979,29980,29980,29981,29982,29982,29983,29984,29985,29989,29990]} 1. e4 c6 2. d4 d5 3. Nd2 Nh6 4. Ngf3 g6 5. Bd3 Bg7 6. h3 {B12: Caro-Kann: Advance Variation.} dxe4 7. Nxe4 Nf5 8. c3 {White is better.} Nd6 9. Bf4 Nxe4 10. Bxe4 Nd7 11. O-O O-O 12. Qc2 Nf6 13. Bd3 Nd5 {[#]} 14. Bg3 $146 ({Predecessor:} 14. Bd2 Qc7 15. Rfe1 c5 16. dxc5 Qxc5 17. Rad1 b5 18. b4 Qb6 19. Ne5 Be6 20. c4 bxc4 21. Bxc4 {½-½ (26) Kiltti,J (2231)-Vinke,D (2188) Finland 2006}) 14... a5 15. Ne5 Be6 16. Rfe1 Qc8 17. Rad1 c5 18. Be4 Rd8 19. Qe2 Nf6 20. dxc5 {[#] Strongly threatening Rxd8+.} Nxe4 21. Rxd8+ Qxd8 22. Qxe4 {aiming for c6.} Qd2 23. Re2 Qd1+ 24. Kh2 Bd5 25. Qe3 Bxa2 26. Rd2 Qa4 $1 27. Rd4 (27. Nd7 $5 {[%cal Rd7b6]} Re8 28. Nb6 $16) 27... Qe8 28. c4 ({White should try} 28. Qe4 $14) 28... f6 $2 {[%mdl 8192] [#]} (28... Bb1 $11 {and Black stays safe.}) 29. Nd7 $1 $18 e5 30. Rd6 Qf7 31. Nb6 Re8 32. Qd3 Bf8 33. Rd7 Re7 34. Rd8 {Black must now prevent Ra8.} Rc7 $2 {[%mdl 8192]} (34... Re8 $16) 35. Nd7 Rxd7 36. Rxd7 ({Weaker is} 36. Qxd7 Qxd7 37. Rxd7 Bxc5 $18) 36... Bxc4 37. Rxf7 (37. Qd2 $142 Qe8 38. Rxb7) 37... Bxd3 38. Rxf6 {[%mdl 4096] Endgame KRB-KB} Bg7 (38... Bb5 $16 39. Bxe5 Bxc5) 39. Rd6 ({Inferior is} 39. Bxe5 Bxf6 40. Bxf6 Kf7 $11) 39... Be4 (39... Bb5 {keeps fighting.} 40. Rd8+ Kf7) 40. Rd8+ Kf7 41. Rd7+ Kf8 42. Rd8+ $2 (42. f3 $18 Bc6 43. Rd8+ Ke7 44. Bh4+ Kf7 45. b3) 42... Ke7 $2 {[%mdl 8192]} (42... Kf7 $1 $11) 43. Ra8 Kd7 (43... Bc6 $142 44. Rxa5 e4) 44. Rxa5 Kc6 45. b4 Bd3 46. Ra8 Be4 47. Rg8 Bf6 48. Rf8 Bg5 49. Bxe5 Bd2 50. Rd8 Be1 51. Rd4 Bd5 52. Bd6 b5 (52... Bf7 $142 53. Be5 Kb5) 53. cxb6 Kxd6 54. b7 Kc7 55. Rxd5 Kxb7 {KR-KB} 56. Rd7+ Kc6 57. Rxh7 Bxb4 58. Rg7 {White mates.} Kd6 59. Rxg6+ Ke5 60. h4 Kf5 61. h5 Bc5 62. g4+ Kf4 63. h6 Bxf2 64. Rf6+ {Weighted Error Value: White=0.26/Black=0.47} 1-0